| 000 | 01179nam a22003017a 4500 | ||
|---|---|---|---|
| 005 | 20240530110555.0 | ||
| 008 | 160808s2014 ua f b 000 0 ara d | ||
| 017 |
_a2013/23717 _bمصر . دار الكتب المصرية |
||
| 020 | _a9789774951572 | ||
| 040 | _aEG-CaGPL | ||
| 082 | 0 | 4 |
_221 _a338.4791\ _bف د |
| 100 | 0 | _aفاتن محمد البندارى الشيخ | |
| 245 | 1 | 0 |
_aدراسات فى التنمية السياحية بمصر و دول الخليج العربى / _cتايف فاتن محمد البندارى الشيخ |
| 250 | _aط. 1 | ||
| 260 |
_aالقاهرة : _bدار العالم العربى ، _c2013 . |
||
| 300 |
_a151 ص. ؛ _c24 سم . |
||
| 504 | _aيشتمل على ارجاعات ببليوجرافية | ||
| 650 | 0 | 7 | _aالسياحة |
| 651 | 0 | 7 |
_aمصر _xوصف و رحلات |
| 651 | 0 | 7 |
_2دول الخليج _xوصف و رحلات |
| 651 | 0 | 7 |
_2السياحة _aالسعودية |
| 651 | 0 | 7 |
_2السياحة _aالكويت |
| 651 | 0 | 7 |
_2السياحة _aقطر |
| 651 | 0 | 7 |
_2السياحة _aالامارات |
| 651 | 0 | 7 |
_2السياحة _aالبحرين |
| 651 | 0 | 7 |
_2السياحة _aسلطنة عمان |
| 942 |
_2ddc _cBK |
||
| 999 |
_c62534 _d62534 |
||